000 00595nam a2200229 a 4500
001 nice12345678
003 IN_TiNIC
005 20260116012521.0
008 050524s1983 seca grp 000 0 eng
020 _a
_c100
082 0 0 _a299.93
_bMRS
245 _aMaitreya Is Well and Alive on Planet Earth
260 _aSecunderabad
_bMaranatha Revival Crusade
_c1983
300 _a41p
500 _aincludes index and biblioraphy
505 2 _aBibliography, Index
650 _aCults-Christianity
710 2 _aMarnatha Revival Crusade
902 _bSRS
942 _cBK
999 _c7319
_d7319